000 00738nam a2200217 a 4500
005 20200104041549.0
008 140123b2000 ck ||||| |||| 00| 0 spa d
041 _aspa
044 _ack
090 _aIAVH
_b00320
100 _aHernández Pérez, Sarah
_92040
110 _bInstituto de Investigación de Recursos Biológicos Alexander von Humboldt
_9204
245 _aUso y valoración de fauna silvestre y definición de criterios para el control del trafico ilegal
260 _aBogotá
_bMinambiente
_bInstituto Humboldt
_c2000
300 _a120 p.
_btablas
_c28 cm.
700 _aPolanco, Rocío
_92964
700 _aQuiceno, María Paula
_91346
700 _aFuentes , Samira
_94840
942 _cLIBRO
_2z
_03
945 _d2005-02-23
999 _c4339
_d4339